000 00422ntaaa2200181 4500
003 01
005 20251027202547.0
008 0714s1973 ag 01
040 _aAR-BaBN
_bspa
_cAR-BaBN
_eaacr
_dRIC
082 _a301.4240 H83
100 _aHowell, John C
_924674
245 _aTeaching about sex
250 _a1 ed.
260 _aNashville :
_bBroadman Press,
_cc1966
300 _a149 p
650 _asexo
942 _cBK
999 _c20661
_d20661